Online
Catalog

Manojo de madrigales / (Record no. 30710)

MARC details
000 -CABECERA
campo de control de longitud fija 00573nam a2200169 a 4500
001 - NÚMERO DE CONTROL
campo de control 000031218
005 - FECHA Y HORA DE LA ÚLTIMA TRANSACCIÓN
campo de control 20200930062800.0
008 - DATOS DE LONGITUD FIJA--INFORMACIÓN GENERAL
campo de control de longitud fija 110614s1942 dr c 000 p spa d
040 ## - FUENTE DE LA CATALOGACIÓN
Centro catalogador/agencia de origen DO-SdBNP
Lengua de catalogación spa
Centro/agencia transcriptor BNPHU
082 ## - NÚMERO DE LA CLASIFICACIÓN DECIMAL DEWEY
Número de clasificación xxxx
Número de documento/Ítem P592m
049 ## - FONDOS LOCALES (OCLC)
Fondos de biblioteca BNPD
100 1# - ENTRADA PRINCIPAL--NOMBRE DE PERSONA
Nombre de persona Pichardo, Eugenio
9 (RLIN) 57689
245 10 - MENCIÓN DE TÍTULO
Título Manojo de madrigales /
Mención de responsabilidad, etc. Eugenio Pichardo ; prólogo de René Contín y Aybar.
260 ## - PUBLICACIÓN, DISTRIBUCIÓN, ETC.
Lugar de publicación, distribución, etc. Santiago de los Caballeros, República Dominicana :
Nombre del editor, distribuidor, etc. Editorial El Diario,
Fecha de publicación, distribución, etc. 1942.
300 ## - DESCRIPCIÓN FÍSICA
Extensión 77 p. :
Otras características físicas retr. ;
Dimensiones 15 cm.
700 1# - PUNTO DE ACCESO ADICIONAL--NOMBRE DE PERSONA
Nombre de persona Contín y Aybar, René,
Término indicativo de función/relación pról.
9 (RLIN) 57690
Holdings
Estado de retiro Estado de pérdida Restricciones de uso No para préstamo Código de colección Localización permanente Ubicación/localización actual Ubicación en estantería Fecha de adquisición Número de inventario Total de préstamos Signatura topográfica completa Código de barras Fecha visto por última vez Precio válido a partir de Tipo de ítem Koha Nota pública
      Excluido de préstamo Raros y valiosos Patrimonio Dominicano Patrimonio Dominicano En catalogación 14.06.2011 LF1   xxxx P592m 31218-10 25.06.2020 25.06.2020 No se presta Perteneció a la biblioteca personal de Martínez Boog. Dedicado.

Powered by Koha